Outer Banks Season 3 Episode 9 Quiz - Statistics

General Stats
  • This quiz has been taken 451 times
  • The average score is 9 of 16
Answer Stats
Question Answer % Correct
Who goes to find and rescue Kiara? JJ
97%
Who gets sent to Kitty Hawk? Kiara
96%
Who convinces Mr. and Mrs. Heyward to let Pope go to South America? Cleo
94%
Who gets attacked by a hitman and nearly killed? Ward
76%
What do JJ and Kiara say to each other? I love you
74%
What is Marley? A siamese mix cat
71%
What Cabin number is Kiara relocated to? Cabin 6
71%
Who goes to the airstrip that Ward's plane is on to see Sarah? Topper
66%
What does JJ tell the lady in the office that Kiara needs to hear? Bob Marley died
62%
What is the name of this episode? Welcome to Kitty Hawk
49%
Who shows up to JJ's house? Barracuda Mike
41%
Who tells Rafe to make the choice that he'll regrets the least? Sofia
41%
Where do Kitty Hawk kids go when they fail to adhere to the rules? The reflection cabin
38%
Which one of JJ's family members was previously sent to Kitty Hawk? Ricky
28%
What condition is Kiara told that she has? Opposition Defiant Disorder (ODD)
23%
Who sees Ward Cameron? Locky Machart
0%
No matching quizzes found
Score Distribution
Percent of People with Each Score
Percentile by Number Answered
Your Score History
You have not taken this quiz